Estadísticas para Prueba de Malasia

Haz click aquí para intentar la prueba.

Estadísticas generales

  • Esta prueba ha sido intentada 518 veces
    (517 desde el último reinicio)
  • La puntuación promedio es 13 de 19

Estadísticas de respuestas

PistaRespuesta% Correcto
Países que limitan con MalasiaIndonesia
95%
CapitalKuala Lumpur
95%
Países que limitan con MalasiaTailandia
94%
Nación insular que se independizó de Malasia en 1965Singapur
91%
La religión más practicadaIslam
89%
País del que Malasia obtuvo su independencia en 1957Reino Unido
89%
Países que limitan con MalasiaBrunéi
86%
Cultivo básicoArroz
78%
La bandera de Malasia tiene más de estas que cualquier otra bandera en el mundo{Raya}s
78%
Los edificios más altos de Malasia, que alguna vez fueron los más altos del mundoTorres Petronas
74%
La isla en la que se encuentra la parte oriental de MalasiaBorneo
72%
La península que la parte occidental de Malasia comparte con Tailandia, Vietnam y otrosIndochina
71%
Mar con el que China tiene disputas territoriales con Malasia (y varios otros países)Mar de la China Meridional
51%
Animal nacional de MalasiaTigre malasio
51%
Estrecho situado entre Malasia y SumatraEstrecho de {Malaca}
40%
La segunda área urbana más grande de Malasia, nombrada en honor a un rey británicoGeorge Town
35%
Fruta nacional (grande y apestosa)Durian
34%
Moneda de MalasiaRinggit
27%
La ciudad malaya situada justo al norte de esa islaJohor Bahru
24%

Distribución de puntuación

Porcentaje por número respondido

Porcentaje de gente con cada puntuación

Historial de tus puntuaciones

No has intentado esta prueba desde el último reinicio